000 00499nam a2200181Ia 4500
999 _c6048
_d6048
003 OSt
005 20200123111006.0
008 190216s9999||||xx |||||||||||||| ||und||
020 _a8170148383
040 _coclc
082 _a658.3
_bPRA/H
100 _aPrasad, L M
_91259
245 0 _aHuman Resource Management /
_cL M Prasad
250 _a1st ed.
260 _bSulthan Chand&Sons,
_c2001.
_aNew Delhi:
300 _a799p
942 _cBK
_2ddc
_h658.3
_iPRA/H
_k658.3
_mPRA/H